000 00296nam a2200121Ia 4500
008 190216s9999||||xx |||||||||||||| ||und||
100 _aVed Prakash Soni
245 0 _aHindi-Jab Thum Jago Thami Sabera
260 _bNaveen Sahithya Mandir
_c2009
300 _a138
650 _aHindi
942 _cBK
999 _c16659
_d16659